000 00618nam a2200241Ia 4500
003 OSt
005 20221007064358.0
006 a|||||r|||| 00| 0
007 ta
008 221006b |||||||| |||| 00| 0 eng d
024 _a5,326
037 _cTextual
040 _aFLL
_cFLL
_beng
041 _2eng
_aeng
082 _aZ3,9298, M2
100 _aWade H.W.R. Au.
_9685719
245 0 _aAdministrative law
250 _a5th
260 _aDelhi
_bClarendon press- oxford India
_c1982
300 _a892P
_ccm.
942 _hZ3,9298, M2
_cTEXL
_2CC
999 _c1133857
_d1133857